000 00779nam a2200229Ia 4500
001 9217
003 GE_BSU
008 181216s||||||||xx |||||||||||||| ||und||
040 _cGE_BSU
080 _a821.353.1-31
100 _aლორთქიფანიძე,კონსტანტინე
245 _aკოლხეთის ცისკარი
245 _bრომანი
245 _cრედ:ო.შალამბერიძრ;მხატვ:თ.სამსონაძე;ზ.კაპანაძე
260 _aთბილისი.
260 _bგანათლება
260 _c1972
300 _a366გვ;20სმ.
653 _aკოლხეთის ცისკარი
653 _aრომანი
942 _cBK
999 _c42520
_d42520